00622cam a22002053a 45000010005000000030006000050050017000110080041000280400015000690420007000840500007000911000030000982450113001282600029002415060030002705160020003006530027003208300028003478560041003753273PGUSA20140828083029.0020601s2002||||xxu|||||s|||||000 | eng d aPGUSAbeng adc 4aPS1 aWard, Artemus,d1834-186714aThe Complete Works of Artemus Ward — Part 3 :bStories and Romancesh[electronic resource] /cArtemus Ward bProject Gutenberg,c2002 aPublic domain in the USA. aElectronic text aAmerican wit and humor 0aProject Gutenbergv327340uhttp://www.gutenberg.org/ebooks/3273